Name all PVZ Heroes Plant Cards(Including Superpowers) - Statistics

General Stats
  • This quiz has been taken 21 times
  • The average score is 99 of 279
Answer Stats
Class Cost Pack-Rarity Attributes Ability Answer % Correct
Guardian 1 Premium - Uncommon Root Plant Team-Up When destroyed: Do 2 damage to a Zombie here. Potato Mine
80%
Guardian 1 Basic Nut Plant Team-Up Wall-Nut
80%
Guardian 2 Premium - Uncommon Cactus Flower Plant Bullseye Cactus
73%
Kabloom 0 Colossal - Uncommon Mushroom Plant Team-Up Puff-Shroom
73%
Kabloom 2 Basic Berry Trick Do 3 damage Berry Blast
67%
Guardian 2 Premium - Rare Root Trick Destroy a Gravestone Grave Buster
67%
Mega-Grow 1 Basic Pea Plant N/A Peashooter
67%
Kabloom 1 Basic Mushroom Plant N/A Button Mushroom
60%
Guardian 5 Premium - Super Rare Mushroom Trick Destroy all Plants and Zombies with 4 Strength or more Doom-Shroom
60%
Guardian 1 Galactic - Super Rare Cactus Flower Plant BullseyeWhen destroyed: Do 1 damage to everything. Galacta Cactus
60%
Guardian 2 Premium - Uncommon Trick Move a Plant.Draw a Card Gardening Gloves
60%
Solar 1 Colossal - Uncommon Corn Plant Team-UpWhen played on the Heights: A Zombie gets -1/-1 Kernel-Pult
60%
Smarty 5 Galactic - Rare Fruit Plant Splash Damage 3 Melon-Pult
60%
Guardian 1 Colossal - Uncommon Root Plant When destroyed: Do 3 damage to a Zombie here Primal Potato Mine
60%
Mega-Grow 3 Basic Pea Plant Double Strike Repeater
60%
Smarty 2 Basic Pea Plant When this hurts a Zombie, Freeze that Zombie Snow Pea
60%
Guardian 2 Galactic - Uncommon Root Environment Before combat here: Do 2 damage to a Zombie here. Spikeweed Sector
60%
Solar 5 Basic Squash Plant Destroy a Zombie Squash
60%
Solar 1 Basic Flower Plant Team-UpStart of turn: You get +1 this turn Sunflower
60%
Smarty 5 Basic Pea Plant This attacks here and next door Threepeater
60%
Mega-Grow 1 Basic Tree Plant Team-Up Peas behind this gets +2 Strength Torchwood
60%
Kabloom 1 Galactic - Uncommon Banana Trick Do 2 damage to a Zombie Banana Bomb
53%
Mega-Grow 1 Premium- Uncommon Leafy Plant When played: This gets +1 Strength this turn Bonk Choy
53%
Smarty 3 Basic Animal Plant Amphibious Cattail
53%
Kabloom 6 Premium - Super Rare Berry Trick Do 4 damage to each Zombie here and next door Cherry Bomb
53%
Solar 4 Premium - Super Rare Flytrap Plant When played: Destroy a Zombie here with 3 Strength or less Chomper
53%
Solar 6 Colossal - Legendary Corn Plant When played: Zombies here and next door get -1/-1Team-Up Evolution: Destroy a Zombie Cob Cannon
53%
Guardian 2 Event Corn Animal Plant Amphibious, Hunt Corn Dog
53%
Guardian 1 Event Flower Nut Plant Zombie Tricks Cost 1 More. Forget-Me-Nuts
53%
Guardian 1 Event Root Plant Team-UpWhen a Zombie hurts this, move that Zombie to the left. If it's a Vimpire, destroy it. Garlic
53%
Kabloom 1 Triassic - Uncommon Environment Before combat here: Do 1 damage to each Plant and Zombie here Hot Lava
53%
Guardian 3 Triassic - Super Rare Nut Plant Team-Up, UntrickableWhen played: Conjure a card that costs 4 or more Primal Wall-Nut
53%
Guardian 2 Premium - Uncommon Mushroom Plant Amphibious Seashroom
53%
Guardian 3 Premium - Uncommon Flower Plant When played: Plants here and next door get +2 Health Steel Magnolia
53%
Solar 2 Premium - Super Rare Flower Plant Team-UpStart of turn: You get +2 this turn Twin Sunflower
53%
Smarty 6 Premium - Legendary Fruit Plant Splash Damage 4When this hurts a Zombie, Freeze that Zombie Winter Melon
53%
Kabloom 1 Galactic - Super Rare Mushroom Plant BullseyeWhen you play a Plant, do 1 damage to the Zombie Hero Astro-Shroom
47%
Kabloom 2 Galactic - Super Rare Banana Plant Start of turn: Gain a Banana Bomb Banana Launcher
47%
Kabloom 3 Galactic - Rare Mushroom Plant When played: Conjure a Mushroom, and it gets +2 Strength Cosmic Mushroom
47%
Guardian 4 Galactic - Rare Nut Plant When played: Conjure a nut, and its Strength becomes 3 Cosmic Nut
47%
Mega-Grow 3 Galactic - Rare Pea Plant Double StrikeWhen played: Conjure a Pea, and it gets Double Strike Cosmic Pea
47%
Guardian 1 Colossal - Uncommon Berry Trick Double a Plant's Health Grape Responsibility
47%
Guardian 2 Event Fruit Plant When played: Move a Zombie to this lane.When destroyed: Do 3 damage to a Zombie here. Hot Date
47%
Kabloom 3 Colossal - Super Rare Root Mime Plant When you play a Plant, this transforms into a copy of that Plant Imitater
47%
Guardian 2 Premium - Super Rare Nut Plant Armored 1, Bullseye Jugger-Nut
47%
Smarty 1 Triassic - Rare Leafy Plant AmphibiousFusion: A Plant played on this gets Amphibious. Conjure a Leafy card Lily Pad
47%
Guardian 6 Triassic - Legendary Fruit Nut Plant When played: Make Wall-Nuts next doorNut Evolution: Plants with no Attack get +3 Strength Loco Coco
47%
Mega-Grow 1 Premium - Uncommon Pea Plant Start of each turn: This gets +1/+1 Pea Pod
47%
Guardian 1 Galactic - Uncommon Trick A Plant gets +2 Health.Conjure a Galactic Garden's card Photosynthesizer
47%
Guardian 3 Galactic - Uncommon Tree Root Plant While in an environment: This gets +1/+1 and Bullseye Plantern
47%
Smarty 1 Triassic - Uncommon Pea Plant When this hurts a Zombie, Bounce that Zombie Primal Peashooter
47%
Solar 1 Colossal - Super Rare Flower Plant Start of turn: You get +1 Primal Sunflower
47%
Guardian 1 Super Rare Root Superpower Trick A Plant gets +2 Health and can't be hurt this turn Root Wall
47%
Guardian 1 Basic Nut Plant N/A Small Nut
47%
Smarty 4 Premium - Super Rare Dragon Flower Plant Splash Damage 3 Snapdragon
47%
Guardian 1 Basic Bean Pea Plant Amphibious, Bullseye Sting Bean
47%
Smarty 9 Premium - Legendary Squash Plant AmphibiousWhen played: Transform all Zombies into 1/1 Zombies with no abilities The Great Zucchini
47%
Guardian 2 Colossal - Legendary Root Animal Plant BullseyeDino-Roar: This gets +1/+1 Tricarrotops
47%
Mega-Grow 1 Colossal - Uncommon Leafy Flower Plant Team-UpOther Plants here and next door are Untrickable Umbrella Leaf
47%
Guardian 2 Premium - Uncommon Root Nut Plant Amphibious, Team-Up Water Chestnut
47%
Solar 5 Galactic - Legendary Fruit Plant StrikethroughWhen destroyed: Gain an _________ Astrocado
40%
Mega-Grow 4 Premium - Legendary Banana Animal Plant Double StrikeDino-Roar: This gets +1/+1 Bananasaurus Rex
40%
Mega-Grow 4 Event Banana Plant When destroyed: Make 2 Half-Bananas next door Banana Split
40%
Mega-Grow 2 Premium - Super Rare Bean Pea Plant This gets +1/+1 when a Zombie Trick is played Black-Eyed Pea
40%
Solar 4 Premium - Uncommon Flower Plant Strikethrough Bloomerang
40%
Kabloom 1 Event Flower Plant When this does damage, it gets +1 Strength Blooming Heart
40%
Kabloom 5 Premium - Uncommon Berry Plant When played: Do 2 damage Bluesberry
40%
Smarty 6 Premium - Legendary Banana Plant AmphibiousWhen played: The Zombie Hero loses their Brains Brainana
40%
Guardian 1 Super Rare Superpower Trick Move a Plant. It gets +4 Health Bubble Up
40%
Mega-Grow 1 Event Bean Pea Plant When played: Shuffle two _______ into your deck. For the rest of the game, all ______ get +1/+1 and cost +1 Clique Peas
40%
Solar 10 Premium - Legendary Corn Fruit Plant When played: Make a random Plant in each other lane Cornucopia
40%
Smarty 2 Galactic - Rare Bean Plant Team-UpWhen played: Conjure a Bean, and it gets Team-Up Cosmic Bean
40%
Solar 3 Galactic - Rare Flower Plant StrikethroughWhen played: Conjure a Flower, and it gets Strikethrough Cosmic Flower
40%
Kabloom 3 Colossal - Rare Flower Plant Plant Evolution: Plants here and next door get +2 Strength Cro-Magnolia
40%
Kabloom 6 Premium - Legendary Flower Animal Plant When played: Damage the Zombie Hero for half of their Health. Dandy Lion King
40%
Smarty 8 Galactic - Legendary Dragon Fruit Plant Amphibious, Splash Damage 6Zombie Tricks cost 6 more Dark Matter Dragonfruit
40%
Mega-Grow 2 Premium - Uncommon Pea Plant N/A Fire Peashooter
40%
Solar 2 Premium - Uncommon Mushroom Plant Strikethrough Fume Shroom
40%
Kabloom 5 Colossal - Legendary Mushroom Plant BullseyeMushroom Evolution: Do 3 damage to Zombies here and next door Gloom-Shroom
40%
Kabloom 7 Premium -Super Rare Berry Plant When destroyed: Do 6 damage to the Zombie Hero Grapes of Wrath
40%
Guardian 6 Galactic - Super Rare Fruit Tree Plant Armored 1When a Zombie is played, move it here. Gravitree
40%
Guardian 5 Triassic - Uncommon Fruit Animal Plant Amphibious Grizzly Pear
40%
Guardian 3 Event Nut Plant This attacks using it's health instead of it's Strength Health-Nut
40%
Kabloom 5 Galactic - Rare Fruit Trick Do 2 damage to Zombies here and next doorIf played on the Ground, make Hot Lava here Lava Guava
40%
Solar 0 Triassic - Uncommon Flower Seed Plant Team-Up When played: Heal your Hero for 2 Lil' Buddy
40%
Guardian 4 Premium - Super Rare Nut Plant Team-UpWhen your Nuts get hurt, do 2 damage to the Zombie Hero. Mirror Nut
40%
Guardian 1 Super Rare Nut Superpower Trick Make a Wall-NutDraw a card Nut Signal
40%
Guardian 3 Premium - Uncommon Pea Nut Plant Team-Up Pea-Nut
40%
Guardian 5 Galactic - Legendary Nut Plant All Plants and Zombies Attack using their Health instead of their Strength Pecanolith
40%
Mega-Grow 4 Premium - Rare Trick A Plant gets +1/+1 then does a Bonus Attack Plant Food
40%
Guardian 6 Premium - Legendary Flower Plant When played: Make Lil' Buddies here and next door Poppin' Poppies
40%
Guardian 3 Triassic - Rare Squash Plant Fusion: A Plant played on this gets +2/+4 Pumpkin Shell
40%
Kabloom 2 Basic Seed Plant Start of turn: This transforms into a random Plant that costs 6 or less Seedling
40%
Guardian 3 Event Leafy Pinecone Trick Destroy a Zombie that has 4 Strength or more. Shamrocket
40%
Smarty 5 Galactic - Legendary Fruit Plant This attacks in all 5 lanes Shooting Starfruit
40%
Smarty 4 Triassic - Super Rare Flower Trick A Zombie and Zombies next door to it gets -2 Strength. Then destroy any of those Zombies that have 0 Strength Shrinking Violet
40%
Guardian 7 Premium - Legendary Flower Root Plant Armored 1If your Hero would get hurt, this gets hurt instead. Soul Patch
40%
Guardian 4 Galactic - Rare Root Plant When you play a Root, that Root gets +1/+1Start of turn: Conjure a Root Starch-Lord
40%
Solar 2 Event Mushroom Plant Team-UpStart of turn: You get +1 and this transforms into a Sunnier Shroom Sun Shroom
40%
Mega-Grow 2 Galactic - Uncommon Pea Plant When played: Move a Zombie to this lane Sweet Pea
40%
Guardian 3 Colossal - Super Rare Pea Nut Plant When you play a Plant, that Plant's Strength becomes 3 Three-Nut
40%
Mega-Grow 1 Super Rare Superpower Trick A Plant does a Bonus Attack Time to Shine
40%
Guardian 5 Premium - Rare Root Plant Armored 1When played: This gets +1 Health for each other Plant and Zombie Tough Beets
40%
Mega-Grow 3 Triassic - Uncommon Leafy Bean Plant When played next to a Leafy Plant, Conjure a Leafy card Typical Beanstalk
40%
Kabloom 1 Triassic - Uncommon Root Animal Plant Dino-Roar: This gets +1 Strength Veloci-Radish Hatchling
40%
Kabloom 3 Triassic - Legendary Root Animal Plant When played: Make a copy of this with Team-Up here.Dino-Roar: This gets +1 Strength Veloci-Radish Hunter
40%
Guardian 9 Premium - Legendary Nut Trick Make a Wall-Nut in each ground laneAttack for 6 damage in each of those lanes Wall-Nut Bowling
40%
Smarty 1 Basic Bean Plant N/A Weenie Beanie
40%
Smarty 4 Event Flower Plant End of turn: Destroy a random Zombie and make a 1/1 Puff-Shroom with Team-Up there. Witch Hazel
40%
Solar 8 Galactic - Legendary Cactus Plant When played: Increase your Hero's maximum Health by 10. Heal your Hero for 10 Astro Vera
33%
Mega-Grow 1 Galactic - Rare Banana Trick Move a ZombieConjure a Banana Banana Peel
33%
Smarty 4 Premium - Super Rare Bean Plant This gets +1/+1 when you play a beanWhen played: Gain 2 1/1 Weenie Beanies Bean Counter
33%
Kabloom 3 Premium - Uncommon Berry Trick All Plants get +2 Strength Berry Angry
33%
Smarty 5 Triassic - Legendary Flower Animal Plant AmphibiousStart of turn: Conjure a Superpower Bird of Paradise
33%
Guardian 4 Colossal - Rare Root Plant BullseyePlant Evolution: Destroy all Gravestones here and next door Blockbuster
33%
Guardian 5 Galactic - Legendary Squash Plant Amphibious, Team-UpWhen played: Fill your Super-Block Meter to full Body-Gourd
33%
Kabloom 2 Basic Mushroom Plant When played: All Mushrooms get +1/+1 Buff-Shroom
33%
Mega-Grow 3 Galactic - Legendary Fruit Plant Cards you Conjure cost 1 lessWhen this does damage, Conjure a Legendary card Captain Cucumber
33%
Mega-Grow 2 Galactic - Uncommon Bean Environment Plants here get Double Strike Coffee Grounds
33%
Solar 4 Colossal - Rare Flower Berry Plant StrikethroughPlant Evolution: This gets +3 Strength Elderberry
33%
Kabloom 5 Event Berry Plant After combat here: Do 6 damage to a random Zombie or the Zombie Hero Electric Blueberry
33%
Mega-Grow 1 Super Rare Superpower Trick A Plant gets +2/+2 Embiggen
33%
Kabloom 2 Colossal - Super Rare Flower Root Plant When played on the Ground: Make Hot Lava here Fireweed
33%
Guardian 4 Galactic - Super Rare Environment Plants here can't be hurt Force Field
33%
Mega-Grow 5 Colossal Legendary Pea Plant Double StrikePea Evolution: This does a Bonus Attack Gatling Pea
33%
Guardian 4 Premium - Super Rare Fruit Animal Plant AmphibiousWhen destroyed: Do 4 damage to a Zombie here. Guacodile
33%
Mega-Grow 1 Triassic - Uncommon Banana Plant When destroyed: All Bananas in your hand get +1/+1 Half-Banana
33%
Solar 4 Galactic - Rare Leafy Flower Plant When a Plant or your Hero is healed, do that much damage to the Zombie Hero Heartichoke
33%
Guardian 3 Premium - Rare Berry Animal Plant When hurt: This gets +4 Strength Hibernating Beary
33%
Kabloom 3 Galactic - Uncommon Leafy Flower Plant While in an Environment: This gets +3 Strength Invasive Species
33%
Smarty 5 Event Leafy Berry Plant AmphibiousWhen played: Freeze all Zombies next door. Jolly Holly
33%
Kabloom 8 Premium - Legendary Corn Plant When played: Do 4 damage to each Zombie Kernel Corn
33%
Solar 6 Premium - Super Rare Bean Plant Strikethrough Laser Bean
33%
Smarty 2 Premium Rare Leafy Plant Amphibious, Splash Damage 1 Lightning Reed
33%
Mega-Grow 2 Event Flower Plant When you play a Plant on Heights, that Plant gets +2/+2 Lily of the Valley
33%
Guardian 3 Triassic - Super Rare Bean Animal Plant AmphibiousWhen played: This gets +1/+1 for each other Amphibious Plants. Marine Bean
33%
Smarty 3 Event Flower Plant AmphibiousWhen this hurts the Zombie Hero, Conjure a Corn, Squash, or Bean Mayflower
33%
Kabloom 4 Galactic - Legendary Leafy Plant When played: Each other Plant transforms into a random Plant that costs 1 more. Molekale
33%
Mega-Grow 1 Premium - Super Rare Leafy Plant When a Plant does a Bonus Attack, draw a card. Party Thyme
33%
Mega-Grow 2 Triassic - Rare Leafy Pea Plant Fusion: A Plant played on this gets +2/+2 Pea Patch
33%
Guardian 3 Event Fruit Animal Plant Amphibious When destroyed: Make a 5/4 Grizzly Pear with Amphibious here Pear Cub
33%
Solar 2 Premium - Uncommon Fruit Plant This gets +2/+2 when a Plant or your Hero is healed Pepper M.D.
33%
Guardian 2 Basic Nut Plant N/A Pismashio
33%
Mega-Grow 5 Galactic - Super Rare Pea Plant This does a Bonus Attack when you play a Plant here or next door Pod Fighter
33%
Kabloom 1 Premium - Uncommon Mushroom Plant Anti-Hero 2 Poison Mushroom
33%
Kabloom 6 Premium - Rare Leafy Tree Plant Anti-Hero 5 Poison Oak
33%
Guardian 4 Premium - Rare Cactus Fruit Plant Team-UpWhen hurt: Do 4 damage to a Zombie here Prickly Pear
33%
Guardian 4 Event Flower Plant Team-UpWhen played behind a Plant: This becomes 7/2 Red Stinger
33%
Kabloom 1 Galactic - Legendary Flower Plant While in your hand: At end of turn, this transforms into a random Plant with +1/+1. It keeps this ability Reincarnation
33%
Smarty 6 Event Pinecone Tree Plant When played: Make a Sappy Place Environment Sap-Fling
33%
Kabloom 1 Premium - Rare Mushroom Plant When played: Make a 1/1 Puff-Shroom with Team-Up here Shroom for Two
33%
Kabloom 5 Premium - Uncommon Trick Do 5 damage to a Zombie Sizzle
33%
Guardian 5 Premium - Rare Nut Plant AmphibiousWhen played: your Nuts get +2 Health Smackadamia
33%
Smarty 5 Basic Mushroom Plant N/A Smoosh Shroom
33%
Smarty 4 Event Leafy Animal Plant AmphibiousStart of turn: Make another _____ in the lane to the right. Snake Grass
33%
Smarty 1 Basic Flower Plant This gets +2/+2 when a Zombie is frozen. Snowdrop
33%
Guardian 3 Basic Fruit Plant When played: Plants with no Strength get +2 Strength Spineapple
33%
Mega-Grow 2 Colossal - Super Rare Pea Plant Before combat here: This does 1 damage to the Plant Hero Split Pea
33%
Smarty 3 Premium - Uncommon Bean Trick Bounce a Zombie Spring Bean
33%
Kabloom 3 Triassic - Super Rare Berry Plant When you play a Berry, do 1 damage to Zombies next door to _____.Berry Evolution: Gain a Berry Blast Strawberrian
33%
Solar 3 Colossal - Super Rare Flower Seed Plant When destroyed: Make a Sunflower here Sunflower Seed
33%
Solar 3 Triassic - Uncommon Mushroom Plant Team-UpStart of turn: You get +2 this turn Sunnier Shroom
33%
Mega-Grow 1 Premium - Uncommon Root Plant Team-UpWhen played: Move a Zombie to this lane Sweet Potato
33%
Mega-Grow 3 Premium - Rare Pea Plant When you play a Pea, that Pea gets +2/+2 The Podfather
33%
Mega-Grow 5 Galactic - Super Rare Root Environment Plants here get +5/+5 The Red Plant-It
33%
Kabloom 4 Event Leafy Fruit Plant Whenever a Plant is hurt and survives, transform it into a random Plant. Transfiguration
33%
Smarty 1 Super Rare Superpower Trick Transform a Zombie into a random Zombie that costs 1 Transmogrify
33%
Solar 3 Premium - Uncommon Flytrap Plant When this does damage, Heal your Hero that much. Venus Flytrap
33%
Kabloom 2 Premium - Rare Berry Plant When played: This moves to a random lane Wild Berry
33%
Smarty 4 Premium - Super Rare Squash Plant When a Zombie or Gravestone is frozen, destroy it Winter Squash
33%
Kabloom 3 Basic Fruit Plant N/A Zapricot
33%
Smarty 1 Premium - Rare Bean Plant Amphibious, Team-UpWhen you play a Bean, Do 2 damage to the Zombie Hero Admiral Navy Bean
27%
Mega-Grow 6 Triassic - Legendary Root Animal Plant UntrickableWhen played: Conjure a Root Dino-Roar: This gets +1/+1 Apotatosaurus
27%
Solar 2 Galactic - Uncommon Fruit Plant When played: If you made at least 6 this turn, this gets Strikethrough Apple Saucer
27%
Mega-Grow 6 Colossal - Rare Leafy Root Plant Plant Evolution: Draw 2 cards Bamboozle
27%
Solar 1 Basic Flower Plant N/A Bellflower
27%
Smarty 2 Galactic - Super Rare Environment Plants here that are Amphibious get +2 StrengthZombies here that aren't Amphibious get -2 Strength Bog of Enlightenment
27%
Smarty 3 Premium - Rare Fruit Plant When played: Freeze a Zombie Chilly Pepper
27%
Smarty 3 Galactic - Super Rare Bean Plant When played: Freeze all Gravestones Cool Bean
27%
Solar 1 Galactic - Uncommon Moss Plant When an Environment is played, this gets +1/+1 Cosmoss
27%
Mega-Grow 2 Premium - Legendary Leafy Plant Start of turn: Double this Plant's Strength and Health Doubled Mint
27%
Guardian 1 Super Rare Root Superpower Plant When played: Move another Plant or Zombie Ensign Uproot
27%
Mega-Grow 8 Premium - Super Rare Bean Trick A Plant does 3 Bonus Attacks Espresso Fiesta
27%
Solar 2 Triassic Moss Plant Fusion: Destroy a Zombie here Eyespore
27%
Mega-Grow 3 Basic Trick A Plant gets +3/+3 Fertilize
27%
Smarty 3 Event Flower Nut Plant Team-Up When you play a Team-Up Plant, all Team-Up Plants get +1 Strength Go-Nuts
27%
Mega-Grow 3 Colossal - Super Rare Berry Trick Double a Plant's StrengthGain a Grape's Responsibility Grape Power
27%
Mega-Grow 3 Basic Mushroom Plant When played: Another Plant gets +2/+2 Grow-Shroom
27%
Solar 1 Event Squash Plant When played: The Zombie player Conjures a Monster Haunted Pumpking
27%
Kabloom 1 Event Berry Plant This gets +1 Strength when another Berry does damageWhen played: Conjure a Berry High-Voltage Currant
27%
Mega-Grow 1 Super Rare Superpower Trick Draw 2 cards Holo-Flora
27%
Smarty 1 Premium - Uncommon Leafy Trick Freeze a Zombie Iceberg Lettuce
27%
Smarty 4 Colossal - Super Rare Bean Plant This gets +1/+1 when anything is BouncedBean Evolution: Bounce a Zombie Jelly Bean
27%
Smarty 5 Premium - Rare Bean Plant When played: Bounce a Zombie Jumping Bean
27%
Solar 3 Event Fruit Plant When played: For each Zombie, this gets +1/+1 and Heal the Plant Hero for 1 Ketchup Mechanic
27%
Smarty 2 Galactic - Super Rare Animal Plant Amphibious, Team-UpThis gets +1/+1 when you play a Plant here Laser Cattail
27%
Solar 4 Premium - Rare Trick Destroy a Zombie on the Ground Lawnmower
27%
Smarty 4 Galactic - Uncommon Leafy Plant AmphibiousWhen played in an Environment, Bounce a Zombie Leaf Blower
27%
Smarty 1 Super Rare Root Superpower Plant Team-UpWhen played: Conjure a Root Lieutenant Carrotron
27%
Solar 3 Premium - Rare Leafy Plant When played: This gets +1 Strength for each Sun you made this turn Magnifying Grass
27%
Smarty 1 Galactic - Uncommon Flytrap Plant When this hurts the Zombie Hero, steal a section from their Super-Block meter Mars Flytrap
27%
Solar 4 Premium - Uncommon Flower Plant Start of turn: You get +1 this turn Metal Petal Sunflower
27%
Kabloom 1 Super Rare Superpower Trick Do 3 damage to a Zombie Meteor Strike
27%
Solar 3 Basic Nut Plant When played: This gets +2/+2 if there is a Plant with Team-Up here Mixed Nuts
27%
Mega-Grow 3 Galactic - Super Rare Bean Plant When this does damage, shuffle 2 Magic Beanstalks into your deck Moonbean
27%
Kabloom 1 Super Rare Mushroom Superpower Trick Make two 1/1 Button Mushrooms in random lanes. More Spore
27%
Solar 1 Premium - Uncommon Flower Plant When played: This gets +1/+1 if you made at least 6 this turn Morning Glory
27%
Mega-Grow 3 Premium - Legendary Leafy Plant This gets +1/+1 when you play a Plant Muscle Sprout
27%
Kabloom 3 Galactic - Uncommon Mushroom Environment When you play a Plant here, make a 1/1 Puff-Shroom with Team-Up in another random lane Mushroom Grotto
27%
Smarty 4 Premium - Rare Bean Plant Amphibious, Team-UpWhen played: All Amphibious Plants get +1/+1 Navy Bean
27%
Mega-Grow 5 Galactic - Legendary Root Plant When played: Each Plant in your hand becomes 4/4 Onion Rings
27%
Kabloom 4 Premium - Uncommon Fruit Plant When played: Make a 2/2 Pear Pal with Team-Up here Pair of Pears
27%
Smarty 2 Colossal - Uncommon Fruit Plant Amphibious, Team-Up Pear Pal
27%
Kabloom 4 Premium - Rare Flower Trick Transform a Plant into a random PlantDraw a card Petal-Morphosis
27%
Kabloom 4 Premium - Legendary Pinecone Plant When played: Transform all Plants into 3/3 _______ Pineclone
27%
Smarty 3 Galactic - Uncommon Berry Environment When a Plant here hurts the Zombie Hero, Draw a card Planet of the Grapes
27%
Mega-Grow 5 Event Leafy Plant When played: Conjure an Event card______ gains + Strength equal to that card's cost Plucky Clover
27%
Kabloom 3 Premium - Uncommon Leafy Berry Plant Anti-Hero 4 Poison Ivy
27%
Mega-Grow 5 Premium - Super Rare Leafy Plant While in your hand: This gets +1/+1 when a Plant gains Strength or Health Potted Powerhouse
27%
Kabloom 3 Premium - Super Rare Mushroom Plant When a Mushroom is destroyed, do 2 damage to a random Zombie or Zombie Hero Punish-Shroom
27%
Mega-Grow 4 Premium - Rare Moss Plant When you play a Trick, this does a Bonus Attack Re-Peat Moss
27%
Smarty 2 Triassic - Super Rare Root Plant AmphibiousThis Attacks both lanes next door instead of this lane Rotobaga
27%
Solar 2 Premium - Rare Leafy Plant When played: If you made at least 6 this turn, draw a card Sage Sage
27%
Mega-Grow 4 Triassic - Super Rare Leafy Plant Leafy Evolution: All Plants in all lanes and in your hand get +2 Strength Savage Spinach
27%
Solar 1 Super Rare Superpower Trick All Zombies on the Ground get -1/-1 Scorched Earth
27%
Kabloom 4 Premium - Super Rare Berry Plant When another Berry hurts a Zombie or Zombie Hero, _______ does 2 more damage to that enemy. Sergeant Strongberry
27%
Smarty 1 Premium - Uncommon Leafy Plant Team-Up Shellery
27%
Mega-Grow 4 Premium - Uncommon Pea Plant When played on Heights: This gets +2/+2 Skyshooter
27%
Solar 3 Galactic - Super Rare Environment End of turn: If there are no Zombies here, made a Sunflower here Solar Winds
27%
Kabloom 4 Event Flower Plant When played: Do 1 damage to the Zombie Hero for each Plant. Sonic Bloom
27%
Kabloom 4 Premium - Rare Berry Plant When played: Do 1 damage to each Zombie Sour Grapes
27%
Smarty 2 Premium - Super Rare Leafy Bean Trick Shuffle 4 Magic Beanstalks into your deck Sow Magic Beans
27%
Smarty 1 Event Flower Root Plant AmphibiousYou can tap on unrevealed Gravestones to see which Zombies are hiding in them Spyris
27%
Kabloom/Solar 1 Premium - Legendary Flower Superpower Trick Do 2 damage. You get +1 for the rest of the game Sunburn
27%
Mega-Grow 6 Premium - Rare Root Plant When played: This gets +1/+1 for each other Plant and Zombie Super-Phat Beets
27%
Solar 6 Premium - Legendary Flytrap Plant End of turn: Destroy all Zombies here and next door Three-Headed Chomper
27%
Solar 6 Event Mushroom Animal Plant When played: Destroy a Zombie here with 4 Strength or lessStart of turn: You get +1 this turn Toadstool
27%
Smarty 6 Colossal - Rare Nut Plant Attacks here and next doorPlant Evolution: This gets +2 Strength Tricorn
27%
Guardian/Solar 1 Premium - Legendary Nut Superpower Trick Your Hero can't be hurt this turn.Draw a card Uncrackable
27%
Smarty 3 Premium Uncommon Bean Flower Plant N/A Vanilla
27%
Solar 2 Premium - Uncommon Trick A Zombie gets -1/-1If you made at least 6 this turn, it gets -2/-2 instead Water Balloons
27%
Solar 1 Super Rare Root Superpower Trick A Zombie gets -2/-2 Weed Whack
27%
Solar 3 Premium - Rare Trick Destroy a Zombie with 3 Strength or less Whack-a-Zombie
27%
Mega-Grow 5 Premium - Rare Root Plant When played: Move a Zombie Whipvine
27%
Solar 4 Galactic - Super Rare Pea Nut Plant Zombies can't do Bonus Attacks Wing-Nut
27%
Solar 5 Triassic - Legendary Cactus Animal Plant Dino-Roar: Heal all Plants and the Plant Hero for 1 Aloesaurus
20%
Kabloom 5 Event Fruit Plant When destroyed: Make Seedlings next door Atomic Bombegranate
20%
Smarty 1 Super Rare Superpower Trick Freeze a ZombieDraw a card Big Chill
20%
Solar 5 Premium - Legendary Flower Plant When a Zombie hurts a Flower, destroy that Zombie Briar Rose
20%
Smarty 4 Premium - Uncommon Root Plant Team-Up Carrotillery
20%
Solar 1 Super Rare Superpower Trick Heal your Hero and all Plants for 4 Geyser
20%
Smarty/Solar 1 Premium - Legendary Flower Superpower Trick Transform a Zombie with the highest Strength into a Goat Goatify
20%
Smarty 2 Colossal Uncommon Trick Bounce a GravestoneDraw a card Grave Mistake
20%
Solar 3 Event Squash Plant StrikethroughThis gets +1 Strength when it hurts the Zombie Hero Jack O' Lantern
20%
Smarty 1 Super Rare Seed Superpower Trick Conjure two Tricks Lightspeed Seed
20%
Smarty 1 Colossal - Legendary Bean Animal Plant AmphibiousDino-Roar: Shuffle a Magic Beanstalk into your deck Lima-Pleurodon
20%
Kabloom 3 Premium - Uncommon Mushroom Plant When played: This gets +2 Strength for each other Plant Mushroom Ringleader
20%
Kabloom 4 Galactic - Super Rare Fruit Environment When you play a Plant here, make a copy of that Plant with Team-Up here Pair Pearadise
20%
Solar 5 Premium - Rare Flower Plant StrikethroughStart of turn: Heal your Hero for 1 for each Flower Power Flower
20%
Mega-Grow/Guardian 1 Premium - Legendary Leafy Superpower Trick Attack for 2 damage in each Ground lane Power Pummel
20%
Smarty 3 Premium - Uncommon Root Plant When played: Bounce another Plant Rescue Radish
20%
Kabloom 2 Triassic - Rare Mushroom Berry Plant Fusion: Do 2 damage Shelf Mushroom
20%
Solar 6 Basic Squash Plant N/A Smashing Pumpkin
20%
Smarty 3 Event Mushroom Nut Plant When a Zombie Trick is played, do 2 damage to the Zombie Hero Sportacus
20%
Kabloom 1 Super Rare Superpower Trick All Plants get +1/+1 Storm Front
20%
Solar 4 Triassic - Super Rare Trick All Plants get Strikethrough this turn.Conjure a Trick Sun Strike
20%
Solar 6 Galactic - Super Rare Fruit Trick Destroy all Plants and Zombies on the Ground Tactical Cuke
20%
Kabloom/Guardian 1 Premium - Legendary Root Superpower Trick Make a 1 Health Hothead that says "Team-Up. When destroyed: Do 6 damage to a Zombie here." Tater Toss
20%
Mega-Grow 2 Galactic - Uncommon Trick All Plants on Heights and Environments get +2/+2 Vegetation Mutation
20%
Solar 4 Galactic - Uncommon Flytrap Environment When a Plant here does damage, Heal your Hero that much Venus Flytraplanet
20%
Smarty 1 Super Rare Superpower Trick Bounce a random Zombie Whirlwind
20%
Solar 3 Premium - Uncommon Trick Heal 4Draw a card 2nd Best Taco of All Time
13%
Mega-Grow/Solar 1 Premium - Legendary Flytrap Superpower Trick Destroy a Zombie with the lowest Health Devour
13%
Mega-Grow 3 Basic Flower Trick Draw 2 Cards Flourish
13%
Guardian/Smarty 1 Premium - Legendary Root Superpower Trick Conjure a Plant that costs 2. It gets +1/+1, Amphibious, and Team-Up Genetic Amplification
13%
Kabloom/Smarty 1 Premium - Legendary Mushroom Superpower Trick Make a 1/1 Poison Mushroom with Anti-Hero 2.Do 2 damage to a Zombie there Mush-Boom
13%
Guardian/Smarty 1 Premium - Legendary Fruit Superpower Trick Plants can't be hurt this turnDraw a card Peel Shield
13%
Mega-Grow/Smarty 1 Premium - Legendary Pea Superpower Trick Attack for 5 damage in the middle lane. Precision Blast
13%
Kabloom/Mega-Grow 1 Premium - Legendary Tree Superpower Trick A Plant gets +4 Strength Blazing Bark
7%
No matching quizzes found
Score Distribution
Percent of People with Each Score
Percentile by Number Answered
Your Score History
You have not taken this quiz